| 000 | 01175cam a2200313 c 4500 | ||
|---|---|---|---|
| 001 | 25717 | ||
| 003 | Mx-PuUPA | ||
| 005 | 20250220091258.0 | ||
| 008 | 140415s1981 sp gr 000 0aspa d | ||
| 017 | _aB. 9.942 - 1981 | ||
| 020 |
_a8435003205 _qempastado |
||
| 040 |
_aMx-PuUPA _bspa _cMx-PuUPA _dMx-PuUPA _erda |
||
| 041 | 1 |
_aspa _heng |
|
| 100 | 1 |
_aLeyva, Gustavo, _d1959- _916733 _eautor |
|
| 240 | 1 | 4 |
_aThe seven storey mountain. _lEspañol |
| 245 | 1 | 3 |
_aLa montaña de los siete círculos / _cThomas Merton ; traducción de Aquilino Tur |
| 264 | 1 |
_aBarcelona : _bEditora y Distribuidora Hispano Americana, _c©1981 |
|
| 300 |
_a625 páginas ; _c21 cm |
||
| 336 |
_2rdacontent _atexto _btxt |
||
| 337 |
_2rdamedia _asin medio _bn |
||
| 338 |
_2rdacarrier _avolumen _bnc |
||
| 600 | 1 | 4 |
_aMerton, Thomas, _d1915-1968 _vAutobiografía |
| 700 | 1 |
_aTur, Aquilino, _etraductor |
|
| 765 | 0 |
_aLeyva, Gustavo, 1959- _dBuenos Aires : Editorial Sudamericana, ©1950 _tThe seven storey mountain. |
|
| 942 |
_2ddc _cLI _h922.273 _iM5518 |
||
| 999 |
_c25717 _d25717 |
||